000 00332nam a2200133Ia 4500
005 20260328101507.0
008 260328s9999||||xx |||||||||||||| ||und||
100 _aJodidio, Philip
245 0 _aJean Nouvel :
_b 1993 - 2008 (Vol. 2) /
_cPhilip Jodidio
260 _bTaschen
300 _a459 p.
650 _aARQUITECTOS
942 _cBK
999 _c9052
_d9052